Tâm lý học đàm phán = Negotiation psychology

Chia sẻ kỹ năng kết hợp giữa lý thuyết và ví dụ thực tế nhằm đàm phán có hiệu quả trong mọi tình huống như: tạo ưu thế tâm lý - chủ động ngay khi bắt đầu; kiểm soát cảm xúc - hạ gục đối thủ; quan sát lời nói, sắc mặt; xây dựng hoà kh...

Πλήρης περιγραφή

Αποθηκεύτηκε σε:
Λεπτομέρειες βιβλιογραφικής εγγραφής
Κύριος συγγραφέας: Doãn, Hức Thắng
Μορφή: Βιβλίο
Γλώσσα:Undetermined
Έκδοση: Thanh Hóa Nxb. Thanh Hóa 2019
Θέματα:
Ετικέτες: Προσθήκη ετικέτας
Δεν υπάρχουν, Καταχωρήστε ετικέτα πρώτοι!
Thư viện lưu trữ: Trung tâm Học liệu Trường Đại học Cần Thơ
LEADER 01081nam a2200229Ia 4500
001 CTU_232384
008 210402s9999 xx 000 0 und d
020 |c 82000 
082 |a 158.5 
082 |b Th116 
100 |a Doãn, Hức Thắng 
245 0 |a Tâm lý học đàm phán = 
245 0 |b Negotiation psychology 
245 0 |c Doãn Hức Thắng ; Nguyễn Ngân (dịch) 
260 |a Thanh Hóa 
260 |b Nxb. Thanh Hóa 
260 |c 2019 
520 |a Chia sẻ kỹ năng kết hợp giữa lý thuyết và ví dụ thực tế nhằm đàm phán có hiệu quả trong mọi tình huống như: tạo ưu thế tâm lý - chủ động ngay khi bắt đầu; kiểm soát cảm xúc - hạ gục đối thủ; quan sát lời nói, sắc mặt; xây dựng hoà khí - tạo thiện cảm với đối phương... 
650 |a Đàm phán,Negotiating 
650 |x Tâm lý,Psychology 
910 |b nthai 
980 |a Trung tâm Học liệu Trường Đại học Cần Thơ